Water policy reform : lesson from Asia and Australia

Αποθηκεύτηκε σε:
Λεπτομέρειες βιβλιογραφικής εγγραφής
Κύριος συγγραφέας: Brennan, Donna
Μορφή: Βιβλίο
Γλώσσα:Undetermined
Έκδοση: Bangkok 2001
Θέματα:
Ετικέτες: Προσθήκη ετικέτας
Δεν υπάρχουν, Καταχωρήστε ετικέτα πρώτοι!
Thư viện lưu trữ: Trung tâm Học liệu Trường Đại học Cần Thơ
LEADER 00556nam a2200193Ia 4500
001 CTU_127285
008 210402s9999 xx 000 0 und d
082 |a 354.366 
082 |b B838 
100 |a Brennan, Donna 
245 0 |a Water policy reform : 
245 0 |b lesson from Asia and Australia 
245 0 |c Donna Brennan 
260 |a Bangkok 
260 |c 2001 
650 |a Water resources development,Water in agricultural 
650 |x Government policy,Australia 
904 |i Nguyên 
980 |a Trung tâm Học liệu Trường Đại học Cần Thơ